Statistics for Beatles Trivia

Click here to take the quiz!

General Stats

  • This quiz has been taken 13 times
    (2 since last reset)
  • The average score is 7 of 10

Answer Stats

HintAnswer% Correct
Ringo's real nameRichard Starky
100%
Their original nameThe Quarrymen
100%
Where they gained fameHamburg
100%
Their signature haircutMoptop
100%
Misheard words that spawned Sgt PeppersSalt and Pepper
100%
The first Beatles songLove Me Do
50%
Their last songThe End
50%
The number of awards they won22
50%
The name of the nowhere manJeremy
50%
They number of songs they made183
0%

Score Distribution

Percentile by Number Answered

Percent of People with Each Score

Your Score History

You have not taken this quiz since the last reset